000 00775nam a2200217Ii 4500
003 JO-AjNU
008 230605s9999||||xx |||||||||||||| ||und||
017 _a2004/5/1049
040 _aJO-AjNU
_bara
_erda
_cJO-AjNU
041 _aara
050 1 4 _aDS38.1.M38 2015
100 3 _aتاليف طهبوب، صلاح,
_eauthor
_960304
245 0 0 _aموسوعة التاريخ الاسلامي: العصر الاموي
250 _aطبعة مزيدة ومنقحة
264 3 1 _aعمان: دار اسامه للنشر،2015
300 _a288ص
336 _atext
_btxt
_2rdacontent
337 _aunmediated
_bn
_2rdamedia
338 _avolume
_bnc
_2rdacarrier
650 4 _aالتاريخ الاسلامي- العصر الاموي-الاسلام- الموسوعات
_960305
999 _aA27185
_c30753
_d30753